Teoría de la revolución proletaria / Pokrovsky
Descripción Física:
134 p., [1] f. ; 20 cm
MARC
| LEADER | 00000nam a2200000Ia 4500 | ||
|---|---|---|---|
| 001 | 777 | ||
| 008 | 160829s1933 xx 000 0 cat d | ||
| 080 | |a M-3-20 | ||
| 100 | |a Pokrovskii, Mijail Nikolaevich |9 32362 | ||
| 245 | |a Teoría de la revolución proletaria / Pokrovsky | ||
| 260 | |a Madrid : |b M. Aguilar, |c 1933 | ||
| 300 | |a 134 p., [1] f. ; |c 20 cm | ||
| 490 | |a Biblioteca de ideas y estudios contemporáneos | ||
| 600 | 1 | 0 | |a Lenin, Vladímir Ílitx, |d 1870-1924 |x Crítica i interpretació |9 56467 |
| 650 | |a Proletariat |9 32363 | ||
| 650 | |a Revolucions |9 32365 | ||
| 901 | |a Arxiu | ||
| 942 | |n 1 | ||
| 952 | |0 0 |1 0 |4 0 |6 M320 |7 1 |9 45957 |a Arxiu |b Arxiu |d 2016-12-01 |l 0 |o M-3-20 |p 777 |r 2016-12-01 00:00:00 |w 2016-12-01 |y ARXIU | ||
| 999 | |c 49458 |d 49458 | ||